header

Lessons from the virtual classroom (Record no. 40245)

MARC details
000 -LEADER
fixed length control field 01439nam a2200361Ia 4500
082 04 - DEWEY DECIMAL CLASSIFICATION NUMBER
Classification number 371.33/44678
100 1# - MAIN ENTRY--AUTHOR NAME
Personal name Palloff, Rena M.,
245 10 - TITLE STATEMENT
Title Lessons from the virtual classroom
250 ## - EDITION STATEMENT
Edition statement 2nd ed.
260 ## - PUBLICATION, DISTRIBUTION, ETC. (IMPRINT)
Place of publication San Francisco, CA :
Name of publisher Jossey-Bass,
Year of publication c2013.
300 ## - PHYSICAL DESCRIPTION
Number of Pages xxi, 247 p.
490 0# - SERIES STATEMENT
Series statement The Jossey-Bass higher and adult education series
650 #0 - SUBJECT ADDED ENTRY--TOPICAL TERM
Topical Term Distance education.
Topical Term Web-based instruction.
700 1# - ADDED ENTRY--PERSONAL NAME
Personal name Palloff, Rena M.,
Personal name Pratt, Keith,
856 40 - ELECTRONIC LOCATION AND ACCESS
Uniform Resource Identifier http://site.ebrary.com/lib/rucke/Doc?id=10716614

No items available.

© 2026 Rongo University
Contact us: librarian | system librarian | Rongo university